[Event "8th Sunway Sitges 2021"]
[Site "Sitges ESP"]
[Date "2021.12.13"]
[Round "1.50"]
[White "Cmiel, Thorsten"]
[Black "Pranesh, M"]
[Result "0-1"]
[WhiteTitle "FM"]
[BlackTitle "IM"]
[WhiteElo "2107"]
[BlackElo "2437"]
[WhiteFideId "4605721"]
[BlackFideId "35028600"]
[EventDate "2021.12.13"]

1. Nf3 Nf6 2. c4 c6 3. e3 d5 4. b3 Bf5 5. Bb2 e6 6. Nc3 h6 7. d4 Ne4 8. Nxe4
Bxe4 9. Bc3 Qf6 10. Bd3 Qg6 11. Bxe4 dxe4 12. Nh4 Qf6 13. g3 g5 14. Ng2 Bg7 15.
O-O Nd7 16. Rc1 Qg6 17. f3 exf3 18. Qxf3 f5 19. d5 Bxc3 20. Rxc3 O-O 21. dxc6
Ne5 22. Qe2 bxc6 23. Rcc1 Rae8 24. Rcd1 h5 25. Kh1 Rf7 26. e4 fxe4 27. Rxf7 Qxf7
28. Qxe4 Ng4 0-1

[Event "8th Sunway Sitges 2021"]
[Site "Sitges ESP"]
[Date "2021.12.13"]
[Round "1.51"]
[White "Mohammad, Nubairshah Shaikh"]
[Black "Advait, Bagri"]
[Result "1-0"]
[WhiteTitle "IM"]
[BlackTitle "CM"]
[WhiteElo "2429"]
[BlackElo "2107"]
[WhiteFideId "5053196"]
[BlackFideId "5820391"]
[EventDate "2021.12.13"]

1. Nf3 d5 2. d4 Nf6 3. c4 c6 4. g3 Bg4 5. Ne5 Be6 6. cxd5 Bxd5 7. f3 g6 8. Nc3
Be6 9. e4 Bg7 10. Be3 Nbd7 11. Nd3 Bc4 12. Be2 Qa5 13. Rc1 h5 14. b4 Qd8 15. Na4
Bb5 16. Nc3 O-O 17. Nxb5 cxb5 18. Qb3 e6 19. O-O a6 20. Nc5 b6 21. Nd3 Ne8 22.
Rfd1 Nd6 23. Ne5 Nb8 24. Rc2 Qe7 25. Rdc1 Ra7 26. Kg2 Rd8 27. h4 Rb7 28. a4 Qe8
29. a5 bxa5 30. bxa5 Kh7 31. Bf4 f6 32. Nc6 Nxc6 33. Rxc6 e5 34. dxe5 fxe5 35.
Bg5 Rdd7 36. Rxa6 Nf7 37. Be3 Bh6 38. Rcc6 Nh8 39. Re6 Re7 40. Rxe7+ Qxe7 41.
Ra8 Nf7 42. a6 Rc7 43. a7 Bxe3 44. Qxe3 Nd8 45. Qg5 1-0

[Event "8th Sunway Sitges 2021"]
[Site "Sitges ESP"]
[Date "2021.12.13"]
[Round "1.52"]
[White "Bommini, Mounika Akshaya"]
[Black "Garcia Ramos, Daniel"]
[Result "0-1"]
[WhiteTitle "WFM"]
[BlackTitle "FM"]
[WhiteElo "2107"]
[BlackElo "2428"]
[WhiteFideId "25019872"]
[BlackFideId "32010311"]
[EventDate "2021.12.13"]

1. d4 Nf6 2. Bf4 g6 3. e3 Bg7 4. Nf3 O-O 5. Be2 d6 6. h3 b6 7. O-O Bb7 8. a4 a6
9. c3 Nbd7 10. Bh2 e6 11. Nbd2 Qe7 12. a5 b5 13. c4 b4 14. c5 dxc5 15. Bxc7 Rac8
16. Bh2 cxd4 17. exd4 Nb8 18. Qb3 Rfd8 19. Rfd1 Ne4 20. Nc4 Bd5 21. Rac1 Ng5 22.
Nfe5 Nc6 23. Nxc6 Rxc6 24. Qe3 Rdc8 25. b3 Ne4 26. Bd3 Nc3 27. Rd2 Qd8 28. Ra1
Nb5 29. Be5 Bxe5 30. dxe5 Qh4 31. Bf1 Bxc4 32. Bxc4 Na3 33. Bd3 Kg7 34. Rad1 Rc3
35. Qa7 R8c5 36. Bxa6 Rxe5 37. Rd4 Qh5 38. Qb8 Rxa5 39. Qxb4 Rcc5 40. Rd6 Nc2
41. Qd2 Ra2 42. Bc4 Qe5 43. Rd7 Qf6 44. Rc1 Nb4 45. Qc3 Rxf2 46. Qe3 Rff5 47.
Rcd1 Rce5 48. Qa7 Qh4 49. Rb7 Re1+ 50. Rxe1 Qxe1+ 51. Kh2 Nc6 52. Qb6 Qe5+ 53.
Kh1 Nd4 54. Rd7 Qe1+ 55. Kh2 Qe5+ 56. Kh1 Rf4 57. b4 Re4 0-1

[Event "8th Sunway Sitges 2021"]
[Site "Sitges ESP"]
[Date "2021.12.13"]
[Round "1.53"]
[White "Boyer, Mahel"]
[Black "Barath, Kalyan M"]
[Result "1-0"]
[WhiteTitle "IM"]
[WhiteElo "2427"]
[BlackElo "2103"]
[WhiteFideId "45102422"]
[BlackFideId "25016555"]
[EventDate "2021.12.13"]

1. d4 Nf6 2. c4 e6 3. Nf3 Bb4+ 4. Nbd2 O-O 5. a3 Be7 6. e4 d6 7. Be2 c5 8. d5
exd5 9. cxd5 Re8 10. O-O Bf8 11. Bd3 Bg4 12. h3 Bh5 13. Qc2 Nbd7 14. b3 Bxf3 15.
Nxf3 g6 16. Bd2 Bg7 17. Rae1 a6 18. Bf4 Qe7 19. a4 Nh5 20. Bg5 Bf6 21. Bd2 Ne5
22. Be2 Nxf3+ 23. Bxf3 Ng7 24. a5 Bd4 25. g3 Qf6 26. Kg2 Rab8 27. Be2 Qd8 28.
Bd3 b5 29. axb6 Qxb6 30. Bc4 a5 31. Re2 Re7 32. Rfe1 Ra7 33. f4 Qd8 34. Qa2 Qd7
35. Qa4 Qxa4 36. bxa4 Rb2 37. Rc1 f6 38. Be1 Rxe2+ 39. Bxe2 f5 40. e5 dxe5 41.
fxe5 Bxe5 42. Rxc5 Re7 43. Bxa5 Bxg3 44. Kxg3 Rxe2 45. d6 Re3+ 46. Kf2 Rd3 47.
Rc8+ Kf7 48. Rc7+ Kg8 49. d7 Ne6 50. Rc8+ Kf7 51. d8=Q Nxd8 52. Bxd8 Rxh3 53. a5
Ra3 54. Ra8 Ke6 55. Bb6 Kd5 56. a6 Kc6 57. Bd4 Kd5 58. a7 Kxd4 59. Rd8+ Ke4 60.
a8=Q+ Rxa8 61. Rxa8 Kf4 62. Ra4+ Kg5 63. Kg3 h6 64. Rh4 h5 65. Rb4 Kf6 66. Kh4
g5+ 67. Kxh5 g4 68. Kh4 Ke5 69. Kg3 Kf6 70. Kf4 g3 71. Rb6+ Kf7 72. Kxg3 1-0

[Event "8th Sunway Sitges 2021"]
[Site "Sitges ESP"]
[Date "2021.12.13"]
[Round "1.54"]
[White "Nurgaliyev, Sauat"]
[Black "Stoyanov, Tsvetan"]
[Result "1-0"]
[WhiteTitle "CM"]
[BlackTitle "FM"]
[WhiteElo "2102"]
[BlackElo "2424"]
[WhiteFideId "13726285"]
[BlackFideId "2917173"]
[EventDate "2021.12.13"]

1. e4 c5 2. Nf3 d6 3. d4 cxd4 4. Nxd4 Nf6 5. Nc3 a6 6. f3 e5 7. Nb3 Be6 8. Be3
h5 9. Qd2 Nbd7 10. Nd5 Bxd5 11. exd5 g6 12. O-O-O Qc7 13. Kb1 Rc8 14. c4 Bg7 15.
Rc1 b6 16. g3 O-O 17. h3 a5 18. Be2 Nc5 19. Na1 e4 20. f4 Qb7 21. g4 b5 22. g5
Nfd7 23. cxb5 Na4 24. Rc6 Nxb2 25. Bd4 Bxd4 26. Qxd4 Nd3 27. Bxd3 exd3 28. Qxd3
Nc5 29. Qc4 a4 30. Nc2 Qd7 31. Nd4 Rfe8 32. f5 Re4 33. fxg6 fxg6 34. Qc2 Rce8
35. Rd1 R8e5 36. b6 Rxg5 37. Rc7 Qd8 38. Nc6 Qf8 39. b7 Re8 40. Qb2 a3 41. Ne7+
Kh7 42. Nf5+ Kg8 43. Nh6+ Qxh6 44. b8=Q Re5 45. Rc8 axb2 46. Rxe8+ Rxe8 47.
Qxe8+ Kh7 48. Qe7+ Qg7 49. Qxg7+ Kxg7 50. Kxb2 g5 51. Ka3 Kf6 52. Kb4 Ke5 53. a4
g4 54. hxg4 hxg4 55. a5 g3 56. Kb5 g2 57. a6 Ne4 58. Rg1 1-0

[Event "8th Sunway Sitges 2021"]
[Site "Sitges ESP"]
[Date "2021.12.13"]
[Round "1.55"]
[White "Molina, Roberto Junio Brito"]
[Black "Vaibhav, Jayant Raut"]
[Result "0-1"]
[WhiteTitle "IM"]
[WhiteElo "2420"]
[BlackElo "2097"]
[WhiteFideId "2109450"]
[BlackFideId "5089034"]
[EventDate "2021.12.13"]

1. d4 Nf6 2. c4 e6 3. Nf3 Bb4+ 4. Bd2 Qe7 5. g3 b6 6. Bg2 Bb7 7. O-O Bxd2 8.
Qxd2 O-O 9. Nc3 d5 10. cxd5 exd5 11. Qf4 Na6 12. Rac1 Rfd8 13. Rfd1 c5 14. Nh4
Qe6 15. Nf5 g6 16. Ne3 Bc6 17. Qh4 c4 18. Bh3 Qd6 19. Qg5 Kh8 20. Ng2 Re8 21.
Qd2 b5 22. a3 Nc7 23. f3 a5 24. e3 b4 25. Ne2 bxa3 26. bxa3 Qxa3 27. Nc3 Nb5 28.
Ne1 Qb4 29. Kf2 Nxc3 30. Rxc3 Ba4 31. Ra1 Reb8 32. Ke2 Ne8 33. Rca3 Qxd2+ 34.
Kxd2 Rb2+ 35. Kc1 Rxh2 36. Bg2 Bd7 37. Rxa5 Rxa5 38. Rxa5 Kg7 39. Rxd5 Bh3 40.
Bxh3 Rxh3 41. g4 h5 42. gxh5 gxh5 43. Kd2 h4 44. Rg5+ Kf6 45. Rg1 Rh2+ 46. Kc3
Nd6 47. e4 Ke7 48. e5 Nf5 49. Kxc4 Rd2 50. Kc3 Rd1 51. Rg5 Nxd4 52. Nd3 Nxf3 53.
Rh5 Rh1 54. Nf4 Re1 55. Nd5+ Kd7 56. Nb6+ Ke6 57. Rh6+ Kxe5 58. Nc4+ Kf4 59. Nb6
Kg3 60. Rf6 h3 61. Rxf7 h2 0-1

[Event "8th Sunway Sitges 2021"]
[Site "Sitges ESP"]
[Date "2021.12.13"]
[Round "1.56"]
[White "Namitbir, Singh Walia"]
[Black "Pantzar, Milton"]
[Result "1-0"]
[BlackTitle "IM"]
[WhiteElo "2093"]
[BlackElo "2420"]
[WhiteFideId "35071068"]
[BlackFideId "1721003"]
[EventDate "2021.12.13"]

1. e4 c5 2. Nf3 d6 3. d4 cxd4 4. Nxd4 Nf6 5. Nc3 a6 6. Bg5 e6 7. f4 Qb6 8. a3
Nc6 9. Nb3 Bd7 10. Qf3 Be7 11. O-O-O Qc7 12. Bd3 h6 13. Bh4 g5 14. fxg5 Ne5 15.
Qe2 Nfg4 16. Kb1 hxg5 17. Bg3 O-O-O 18. h3 Nf6 19. Rhf1 Be8 20. Qf2 Kb8 21. Be2
Nfd7 22. Qd4 Rh7 23. Bf2 Nc6 24. Qe3 Nde5 25. Rd2 g4 26. hxg4 b5 27. Nd4 Na5 28.
Rdd1 Rg7 29. Nf3 Nac4 30. Qd4 Rg8 31. g5 Nc6 32. Qd3 N4e5 33. Nxe5 Nxe5 34. Qd4
Rxg5 35. Bh4 Nc6 36. Qf2 Rc5 37. Bxe7 Qxe7 38. Rd2 Ne5 39. Rfd1 Qc7 40. Qd4 Bc6
41. b4 Rxc3 42. Qxc3 Bxe4 43. Qxe5 Bxc2+ 44. Rxc2 dxe5 45. Rxc7 Rxd1+ 46. Bxd1
Kxc7 47. Kc2 f5 48. Kd3 Kd6 49. Bf3 e4+ 50. Bxe4 fxe4+ 51. Kxe4 e5 52. g4 Ke6
53. g5 Kd6 54. g6 Ke6 55. g7 Kf7 56. Kxe5 Kxg7 57. Kd5 Kf7 58. Kc5 Ke7 59. Kb6 1-0

[Event "8th Sunway Sitges 2021"]
[Site "Sitges ESP"]
[Date "2021.12.13"]
[Round "1.57"]
[White "Cuhendi, Sean Winshand"]
[Black "Ruperez, Miguel"]
[Result "1-0"]
[WhiteTitle "IM"]
[BlackTitle "CM"]
[WhiteElo "2419"]
[BlackElo "2092"]
[WhiteFideId "7101554"]
[BlackFideId "115177"]
[EventDate "2021.12.13"]

1. d4 Nf6 2. Bf4 e6 3. e3 d5 4. Nd2 c5 5. Ngf3 Bd6 6. dxc5 Bxc5 7. Bd3 O-O 8.
O-O Nc6 9. e4 Nb4 10. e5 Nxd3 11. cxd3 Ne8 12. Rc1 Be7 13. Qb3 g5 14. Be3 Ng7
15. Bc5 Bxc5 16. Rxc5 g4 17. Nd4 Qg5 18. f4 gxf3 19. N2xf3 Qe3+ 20. Kh1 Nf5 21.
Nxf5 Qxc5 22. Nh6+ Kg7 23. Ng4 Bd7 24. Qd1 Bb5 25. Qd2 f5 26. exf6+ Kh8 27. Nfe5
Qc7 28. Qh6 1-0

[Event "8th Sunway Sitges 2021"]
[Site "Sitges ESP"]
[Date "2021.12.13"]
[Round "1.58"]
[White "Shivika, Rohilla"]
[Black "Pranav, Anand"]
[Result "0-1"]
[BlackTitle "IM"]
[WhiteElo "2092"]
[BlackElo "2416"]
[WhiteFideId "45015414"]
[BlackFideId "46626786"]
[EventDate "2021.12.13"]

1. d4 Nf6 2. c4 e6 3. g3 d5 4. Nf3 Bb4+ 5. Bd2 Be7 6. Bg2 O-O 7. O-O Nbd7 8. Qc2
c6 9. Rd1 b6 10. b3 a5 11. Bc3 Ne4 12. Ne5 Nxe5 13. Bxe4 f5 14. Bg2 Nf7 15. Nd2
Ba6 16. Bb2 Rc8 17. Nf3 g5 18. Ne1 Nh8 19. f3 Ng6 20. e4 b5 21. c5 b4 22. Bh3
Qd7 23. Nd3 g4 24. exf5 exf5 25. Bg2 f4 26. Nxf4 Nxf4 27. gxf4 Rxf4 28. Bc1 Rf7
29. f4 Bf6 30. Be3 Re8 31. Re1 Rfe7 32. Qf2 Qf5 33. Rad1 Qh5 34. Qd2 Bh4 35. Bf2
Re2 36. Bxh4 Qxh4 0-1

[Event "8th Sunway Sitges 2021"]
[Site "Sitges ESP"]
[Date "2021.12.13"]
[Round "1.59"]
[White "Gines Esteo, Pedro Antonio"]
[Black "Buiza Prieto, Eihartze"]
[Result "1-0"]
[WhiteTitle "IM"]
[BlackTitle "WFM"]
[WhiteElo "2413"]
[BlackElo "2086"]
[WhiteFideId "32080190"]
[BlackFideId "22250220"]
[EventDate "2021.12.13"]

1. Nf3 Nf6 2. c4 e6 3. b3 d5 4. Bb2 Be7 5. e3 c5 6. cxd5 exd5 7. d4 b6 8. Bb5+
Bd7 9. Be2 O-O 10. O-O Bc6 11. Nc3 Nbd7 12. Qc2 Rc8 13. Rac1 Qc7 14. Rfd1 Rfd8
15. Qf5 g6 16. Qh3 Ne4 17. dxc5 Nxc3 18. Bxc3 bxc5 19. Qh6 Bf8 20. Qh4 Qd6 21.
a3 Qe7 22. Qf4 Qe4 23. Qg3 Rb8 24. b4 Ba4 25. Ng5 Qe8 26. Rxd5 Bb3 27. Qh4 h6
28. Ne4 Bg7 29. Rxd7 Qxd7 30. Nf6+ Bxf6 31. Qxf6 1-0

[Event "8th Sunway Sitges 2021"]
[Site "Sitges ESP"]
[Date "2021.12.13"]
[Round "1.60"]
[White "Gugan G"]
[Black "Cori T., Deysi"]
[Result "0-1"]
[BlackTitle "WGM"]
[WhiteElo "2084"]
[BlackElo "2413"]
[WhiteFideId "45092931"]
[BlackFideId "3801934"]
[EventDate "2021.12.13"]

1. e4 e6 2. d3 b6 3. Nf3 d5 4. exd5 exd5 5. d4 Bd6 6. Bd3 Ne7 7. O-O O-O 8. Re1
c5 9. dxc5 bxc5 10. Bg5 f6 11. Bh4 c4 12. Bf1 Nbc6 13. Nc3 Kh8 14. Bg3 Bb4 15.
Nd4 Nxd4 16. Qxd4 Nf5 17. Qf4 d4 18. Red1 Qa5 19. Ne2 Bc5 20. Qf3 Be6 21. Nf4
Bf7 22. b3 d3 23. cxd3 Nd4 24. Qg4 c3 25. Ne2 h5 26. Qd7 Nxe2+ 27. Bxe2 c2 28.
Rf1 Qd2 29. Bf3 Rad8 30. Qf5 Bd4 31. Bf4 Qb4 32. Rac1 g6 33. Qe4 Rde8 34. Qb7
Bb6 35. Rxc2 Qxf4 36. Qc6 Kg7 37. g3 Qg5 38. b4 h4 39. a4 Rh8 40. Kg2 Rc8 41.
Qxc8 Rxc8 42. Rxc8 Qf5 43. Bb7 Bd5+ 44. Bxd5 Qxd5+ 45. f3 h3+ 46. Kh1 Qa2 0-1

[Event "8th Sunway Sitges 2021"]
[Site "Sitges ESP"]
[Date "2021.12.13"]
[Round "1.61"]
[White "Fernandez Guillen, Ernesto J."]
[Black "Perkampus, Laurin"]
[Result "0-1"]
[WhiteTitle "IM"]
[WhiteElo "2411"]
[BlackElo "2081"]
[WhiteFideId "3512428"]
[BlackFideId "16232283"]
[EventDate "2021.12.13"]

1. e4 c6 2. d4 d5 3. e5 c5 4. dxc5 e6 5. Be3 Nd7 6. Bb5 Ne7 7. b4 Nf5 8. Bd4 Qg5
9. g3 Nxd4 10. Qxd4 Qc1+ 11. Ke2 Qxc2+ 12. Nd2 a6 13. Bd3 Qa4 14. Ngf3 Be7 15.
a3 f6 16. Qg4 fxe5 17. Qh5+ Kd8 18. Nxe5 Nxe5 19. Qxe5 Bf6 20. Qd6+ Qd7 21.
Qxd7+ Bxd7 22. Rab1 e5 23. f3 Kc7 24. Rhe1 h5 25. Bc2 h4 26. g4 h3 27. Nf1 e4
28. Ne3 exf3+ 29. Kxf3 Bc6 30. Bb3 Rad8 31. Nf5 Rhf8 32. Kg3 Rh8 33. Re6 Bd7 34.
Re2 Bb5 35. Ree1 Bd3 36. Rbd1 Bxf5 37. gxf5 Bh4+ 38. Kg4 Bxe1 39. Rxe1 d4 40.
Kg5 d3 41. Kg6 Rd7 42. Ba4 Rh6+ 43. Kg5 d2 44. Rf1 Rd3 45. Bc2 Rc3 46. Bd1 Rxa3
47. Rf2 Rd3 48. Re2 Rd7 49. Re3 Kd8 50. Ra3 Rd4 51. Rb3 Rhh4 52. b5 Rdg4+ 0-1

[Event "8th Sunway Sitges 2021"]
[Site "Sitges ESP"]
[Date "2021.12.13"]
[Round "1.62"]
[White "Fernandez Bustamante, Leancy B."]
[Black "Neelotpal, Das"]
[Result "0-1"]
[WhiteTitle "WFM"]
[BlackTitle "GM"]
[WhiteElo "2080"]
[BlackElo "2410"]
[WhiteFideId "3523870"]
[BlackFideId "5003512"]
[EventDate "2021.12.13"]

1. e4 c5 2. Nf3 d6 3. c3 Nf6 4. h3 g6 5. Bd3 Bg7 6. Bc2 O-O 7. O-O Nc6 8. d4 b5
9. Qe2 cxd4 10. Qxb5 Bd7 11. Qe2 dxc3 12. Nxc3 Rb8 13. Rb1 Bc8 14. Be3 Nd7 15.
Ba4 Nb4 16. Rfd1 Qa5 17. Bb3 Nc5 18. Bxc5 Qxc5 19. Nd5 Nxd5 20. Bxd5 Qb6 21. b4
Ba6 22. Qd2 e6 23. Bb3 Rfd8 24. Qf4 Bb7 25. Ng5 Qc7 26. Bxe6 fxe6 27. Nxe6 Qe7
28. Nxd8 Rxd8 29. f3 Be5 30. Qe3 Qf7 31. Qxa7 Ra8 32. Qb6 Qf4 33. Rf1 Bxe4 34.
Rb3 Rf8 35. Qe3 Bc2 0-1

[Event "8th Sunway Sitges 2021"]
[Site "Sitges ESP"]
[Date "2021.12.13"]
[Round "1.63"]
[White "Baenziger, Fabian"]
[Black "Roubert, Emile"]
[Result "1-0"]
[WhiteTitle "IM"]
[WhiteElo "2409"]
[BlackElo "2077"]
[WhiteFideId "1330110"]
[BlackFideId "680311"]
[EventDate "2021.12.13"]

1. d4 d5 2. c4 e6 3. Nf3 c5 4. cxd5 exd5 5. Bg5 Nf6 6. Nc3 Be6 7. Bxf6 Qxf6 8.
e4 cxd4 9. Bb5+ Nd7 10. Bxd7+ Bxd7 11. Nxd5 Qg6 12. O-O Rc8 13. Qxd4 Bc5 14. Qd2 1-0

[Event "8th Sunway Sitges 2021"]
[Site "Sitges ESP"]
[Date "2021.12.13"]
[Round "1.64"]
[White "Montesinos Diaz, Luis"]
[Black "Sukandar, Irine Kharisma"]
[Result "0-1"]
[BlackTitle "IM"]
[WhiteElo "2063"]
[BlackElo "2407"]
[WhiteFideId "24553468"]
[BlackFideId "7101937"]
[EventDate "2021.12.13"]

1. e4 c5 2. Nc3 e6 3. Bc4 Nc6 4. a3 Nf6 5. Ba2 d5 6. exd5 exd5 7. d3 Bg4 8. f3
Be6 9. Nge2 Bd6 10. Bf4 d4 11. Ne4 Bxf4 12. Nxf4 Bxa2 13. Rxa2 Nd5 14. Nxd5 Qxd5
15. Ra1 O-O 16. O-O Rae8 17. f4 f5 18. Qh5 g6 19. Qg5 Re6 20. Ng3 Nd8 21. Rfe1
Nf7 22. Qh4 Rfe8 23. Nf1 Re2 24. Qg3 R8e6 25. Rec1 h5 26. a4 h4 27. Qf3 Qxf3 28.
gxf3 g5 29. Rd1 gxf4 30. Nd2 Ng5 31. Kh1 Nh3 32. Rg1+ Kf7 0-1

[Event "8th Sunway Sitges 2021"]
[Site "Sitges ESP"]
[Date "2021.12.13"]
[Round "1.65"]
[White "Hess, Max"]
[Black "Krivenko, Dion"]
[Result "1-0"]
[WhiteTitle "FM"]
[WhiteElo "2404"]
[BlackElo "2061"]
[WhiteFideId "24656666"]
[BlackFideId "4508378"]
[EventDate "2021.12.13"]

1. d4 Nf6 2. c4 g6 3. Nc3 Bg7 4. e4 d6 5. Be2 O-O 6. Be3 e5 7. d5 a5 8. g4 Na6
9. h4 Nc5 10. f3 h5 11. g5 Nfd7 12. Nh3 a4 13. Qd2 c6 14. dxc6 bxc6 15. Qxd6 Qb6
16. Qd2 Qb4 17. Nf2 Ba6 18. Ncd1 Qb7 19. O-O Rfe8 20. Rb1 Qc7 21. Nc3 Ne6 22.
Nxa4 Nd4 23. Kg2 Qd6 24. Bxd4 exd4 25. c5 Nxc5 26. Nxc5 Bxe2 27. Qxe2 Qxc5 28.
Rbc1 Qd6 29. a3 Qf4 30. Rh1 Qe3 31. Rc2 Reb8 32. Nd3 Rb3 33. Rd1 Rab8 34. Kf1
Qxe2+ 35. Kxe2 f5 36. e5 Bxe5 37. Nxe5 Re3+ 38. Kf2 Rxe5 39. Rxd4 Rb3 40. Rxc6
Rxb2+ 41. Kg3 f4+ 42. Rxf4 Ree2 43. Rxg6+ Kh7 44. Rh6+ Kg7 45. Re4 Rxe4 46. fxe4
Rb3+ 47. Kf4 Rxa3 48. Rxh5 Ra1 49. Rh6 Kf7 50. Rf6+ Kg7 51. h5 Rf1+ 52. Ke5 Rf5+
53. Kxf5 1-0

[Event "8th Sunway Sitges 2021"]
[Site "Sitges ESP"]
[Date "2021.12.13"]
[Round "1.66"]
[White "Hiren, K G"]
[Black "Vaishali, R"]
[Result "0-1"]
[BlackTitle "IM"]
[WhiteElo "2058"]
[BlackElo "2401"]
[WhiteFideId "35053400"]
[BlackFideId "5091756"]
[EventDate "2021.12.13"]

1. e4 c5 2. Nf3 Nc6 3. d3 g6 4. g3 Bg7 5. Bg2 e5 6. c4 Nge7 7. Nc3 d6 8. h3 O-O
9. O-O Nd4 10. Nxd4 cxd4 11. Nd5 Nxd5 12. cxd5 Qb6 13. Kh2 Bd7 14. f4 f5 15. Rf2
Rf7 16. fxe5 dxe5 17. b3 f4 18. g4 Bf6 19. Bf3 Bh4 20. Rc2 Bg3+ 21. Kg2 Qf6 22.
Rc7 Bxg4 23. Rxf7 Bxh3+ 0-1

[Event "8th Sunway Sitges 2021"]
[Site "Sitges ESP"]
[Date "2021.12.13"]
[Round "1.68"]
[White "Laddha, Yash Jayesh"]
[Black "Ali, Muhammad Lutfi"]
[Result "0-1"]
[BlackTitle "IM"]
[WhiteElo "2056"]
[BlackElo "2399"]
[WhiteFideId "30942780"]
[BlackFideId "7103743"]
[EventDate "2021.12.13"]

1. e4 g6 2. d4 Bg7 3. Nf3 c6 4. c3 d5 5. Nbd2 dxe4 6. Nxe4 Nd7 7. Bc4 Ngf6 8.
Nxf6+ Nxf6 9. O-O O-O 10. Bf4 Bg4 11. h3 Bxf3 12. Qxf3 Nd5 13. Be5 Bxe5 14. dxe5
e6 15. Bb3 Qg5 16. Rfe1 Rad8 17. Rad1 Nb6 18. Qe4 Rxd1 19. Rxd1 Rd8 20. Rd4 Qc1+
21. Kh2 Rxd4 22. Qxd4 Kg7 23. c4 c5 24. Qxc5 Qxb2 25. Qe3 Nd7 26. f4 b6 27. Qd3
Nf8 28. Qd8 Qf2 29. Qf6+ Kg8 30. Ba4 Qc5 31. Bb5 h5 32. Qh4 Qd4 33. Qg3 a6 34.
Bxa6 Nd7 35. Bb7 Qxc4 36. a3 Nc5 37. Bf3 Kh7 38. Qg5 Nd3 39. Kg3 Qd4 40. Qf6 Kg8
41. Qg5 Qf2+ 42. Kh2 Qe3 43. Kg3 Qd4 44. h4 Qf2+ 45. Kh3 Qe3 46. Kg3 Qd4 47. Qf6
Qf2+ 48. Kh3 Qe3 49. Kg3 Nf2 50. Qd8+ Kh7 51. Qe7 Ne4+ 52. Kh3 Kg7 53. Qb4 Nf2+
54. Kg3 Ng4 55. Qe7 Qe1+ 0-1

[Event "8th Sunway Sitges 2021"]
[Site "Sitges ESP"]
[Date "2021.12.13"]
[Round "1.69"]
[White "Daulyte-Cornette, Deimante"]
[Black "Serrano Aspa, Xavier"]
[Result "1-0"]
[WhiteTitle "IM"]
[WhiteElo "2398"]
[BlackElo "2052"]
[WhiteFideId "12802859"]
[BlackFideId "2219077"]
[EventDate "2021.12.13"]

1. e4 d5 2. exd5 Qxd5 3. Nc3 Qd8 4. d4 Nf6 5. Nf3 Bg4 6. h3 Bxf3 7. Qxf3 c6 8.
Qd3 e6 9. g3 Nbd7 10. Bg2 Bd6 11. O-O Qc7 12. b3 O-O 13. Bb2 h5 14. h4 Rfe8 15.
Ne2 e5 16. c4 exd4 17. Nxd4 Ne5 18. Qf5 Qc8 19. Qg5 Ng6 20. Rae1 Bb4 21. Rxe8+
Qxe8 22. Nf5 Qe2 23. Bxf6 gxf6 24. Qxf6 Qe5 25. Qg5 a5 26. Qxh5 a4 27. Qg4 Ra5
28. Be4 1-0

[Event "8th Sunway Sitges 2021"]
[Site "Sitges ESP"]
[Date "2021.12.13"]
[Round "1.70"]
[White "Galvan Cipriani, Viviana"]
[Black "Dionisi, Thomas"]
[Result "0-1"]
[WhiteTitle "WFM"]
[BlackTitle "IM"]
[WhiteElo "2044"]
[BlackElo "2396"]
[WhiteFideId "32041144"]
[BlackFideId "651893"]
[EventDate "2021.12.13"]

1. c4 f5 2. g3 Nf6 3. Nf3 g6 4. Bg2 Bg7 5. O-O O-O 6. Nc3 d6 7. d4 c6 8. d5 e5
9. dxe6 Bxe6 10. Qd3 Re8 11. Rd1 Nbd7 12. Bf4 Nb6 13. b3 Ne4 14. Rac1 d5 15.
cxd5 Nxc3 16. Rxc3 Bxc3 17. Qxc3 Nxd5 18. Qb2 Qe7 19. Be5 Rad8 20. h4 Bc8 21.
Re1 h6 22. Kh2 Rf8 23. e4 fxe4 24. Rxe4 Nf6 25. Bxf6 Qxf6 26. Qc1 Kh7 27. Qe3 a6
28. Rf4 Qg7 29. Re4 Bf5 30. Re5 Rd3 31. Qe1 Rd7 32. h5 Kh8 33. Nh4 Rdf7 34. g4
Bc2 35. hxg6 Bxg6 36. f3 Bh7 37. Qe3 Qf6 38. Rh5 Kg7 39. g5 hxg5 40. Rxg5+ Kh8
41. Qe5 Qxe5+ 42. Rxe5 Rd8 43. Bh3 Rd2+ 44. Kg3 Rxa2 45. Re8+ Kg7 46. Be6 Rc7
47. f4 Be4 48. f5 Bd5 49. Rg8+ Kf6 50. Rf8+ Ke5 51. Ng6+ Kd4 52. Nf4 Rg7+ 53.
Kh3 Ke5 54. Nd3+ Ke4 55. Nc5+ Kf3 56. Rh8 Rg3+ 0-1

[Event "8th Sunway Sitges 2021"]
[Site "Sitges ESP"]
[Date "2021.12.13"]
[Round "1.71"]
[White "Papadiamandis, Elliot"]
[Black "Maloberti, David"]
[Result "1-0"]
[WhiteTitle "FM"]
[WhiteElo "2396"]
[BlackElo "2040"]
[WhiteFideId "36074160"]
[BlackFideId "620149"]
[EventDate "2021.12.13"]

1. e4 e6 2. d4 d5 3. e5 c5 4. c3 Nc6 5. Nf3 Qb6 6. Be2 Nh6 7. Bxh6 gxh6 8. Qd2
Bg7 9. O-O O-O 10. Na3 f6 11. exf6 Rxf6 12. Nc2 Bd7 13. b4 c4 14. a4 a6 15. Nh4
Ne7 16. Ne3 Ng6 17. Nxg6 Rxg6 18. f4 Qd6 19. a5 Rf8 20. Ng4 h5 21. Ne5 Rh6 22.
g3 Be8 23. Qe3 Rhf6 24. Rf2 Bh6 25. Raf1 Kh8 26. h3 Rg8 27. Kh2 Bf8 28. Rf3 Bg6
29. g4 hxg4 30. hxg4 Bg7 31. g5 1-0

[Event "8th Sunway Sitges 2021"]
[Site "Sitges ESP"]
[Date "2021.12.13"]
[Round "1.72"]
[White "Aaditya, Dhingra"]
[Black "Domingo Nunez, Ruben"]
[Result "1-0"]
[WhiteTitle "CM"]
[BlackTitle "FM"]
[WhiteElo "2038"]
[BlackElo "2395"]
[WhiteFideId "25678191"]
[BlackFideId "22245570"]
[EventDate "2021.12.13"]

1. e4 c5 2. Nf3 Nc6 3. d4 cxd4 4. Nxd4 Qb6 5. Nb3 Nf6 6. Nc3 e6 7. Bd3 a6 8. Be3
Qc7 9. f4 d6 10. Qe2 b5 11. a3 Bb7 12. O-O Be7 13. Rae1 O-O 14. g4 b4 15. Nb1
bxa3 16. bxa3 Na5 17. N1d2 Rfe8 18. Rb1 Nxb3 19. Rxb3 Bc6 20. g5 Nd7 21. Rfb1
Bf8 22. Rc3 Nc5 23. Bxc5 dxc5 24. e5 Rad8 25. Bxh7+ Kh8 26. Qh5 Bd6 27. Rh3 1-0

[Event "8th Sunway Sitges 2021"]
[Site "Sitges ESP"]
[Date "2021.12.13"]
[Round "1.73"]
[White "Guichard, Pauline"]
[Black "Dahale, Atul"]
[Result "0-1"]
[WhiteTitle "IM"]
[WhiteElo "2394"]
[BlackElo "2037"]
[WhiteFideId "639370"]
[BlackFideId "5037794"]
[EventDate "2021.12.13"]

1. d4 Nf6 2. c4 g6 3. Nc3 Bg7 4. e4 d6 5. Nf3 O-O 6. Be2 Nbd7 7. O-O e5 8. Be3
Qe7 9. Qc2 c6 10. d5 c5 11. Nd2 Kh8 12. Kh1 Ng8 13. g4 Bh6 14. Rg1 Bf4 15. Nf1
Nh6 16. Qd2 g5 17. Ng3 Nf6 18. f3 Nhg8 19. Kg2 h5 20. h4 gxh4 21. Nf5 Bxf5 22.
gxf5 Bxe3 23. Qxe3 Nh7 24. Kh3 Qf6 25. f4 exf4 26. Qxf4 Nh6 27. Bxh5 Rg8 28.
Rae1 Ng5+ 29. Kh2 Rg7 30. Re2 Nh3 31. Kxh3 Rxg1 32. Kh2 Rag8 33. Nb5 Qg7 34. Bg6
Rg4 35. Qxd6 fxg6 36. f6 Qf7 37. Qe7 Re8 38. Qxc5 Qxf6 39. Qe3 Rg5 0-1